Google Maps Property Search (Record no. 120865)
[ view plain ]
| 000 -LEADER | |
|---|---|
| fixed length control field | 00709cai a22001695a 4500 |
| 001 - CONTROL NUMBER | |
| control field | L150328 |
| 008 - FIXED-LENGTH DATA ELEMENTS--GENERAL INFORMATION | |
| fixed length control field | 100630u xxk g 000 0 eng d |
| 035 ## - SYSTEM CONTROL NUMBER | |
| System control number | (Sirsi) u150328 |
| 041 0# - LANGUAGE CODE | |
| Language code of text/sound track or separate title | eng |
| 245 00 - TITLE STATEMENT | |
| Title | Google Maps Property Search |
| Medium | [electronic source] |
| 520 ## - SUMMARY, ETC. | |
| Summary, etc. | Google Maps Property Search launched in June 2010 allows estate agents, landlords and homeowners to market their properties through Google Maps free of charge. |
| 590 ## - LOCAL NOTE (RLIN) | |
| Local note | KA |
| 651 #4 - SUBJECT ADDED ENTRY--GEOGRAPHIC NAME | |
| Geographic name | United Kingdom |
| Chronological subdivision | 1973- |
| 690 ## - LOCAL SUBJECT ADDED ENTRY--TOPICAL TERM (OCLC, RLIN) | |
| Topical term or geographic name as entry element | PROPERTY-RESIDENTIAL PROPERTY-ACQUISITION OF PROPERTY |
| 856 40 - ELECTRONIC LOCATION AND ACCESS | |
| Uniform Resource Identifier | <a href="https://www.google.co.uk/intl/en/help/maps/realestate/agents/maps.html">https://www.google.co.uk/intl/en/help/maps/realestate/agents/maps.html</a> |
| Public note | View the website free of charge at www.maps.google.co.uk |
| 942 ## - ADDED ENTRY ELEMENTS (KOHA) | |
| Suppress in OPAC | 0 |
| Withdrawn status | Lost status | Source of classification or shelving scheme | Damaged status | Not for loan | Home library | Current library | Shelving location | Date acquired | Total Checkouts | Full call number | Barcode | Date last seen | Copy number | Price effective from | Koha item type |
|---|---|---|---|---|---|---|---|---|---|---|---|---|---|---|---|
| Dewey Decimal Classification | Virtual | Virtual | Online | 30/06/2010 | ONLINE PUBLICATION | 150328-2001 | 06/08/2019 | 1 | 06/08/2019 | Online material |